Computers and education in the 21st century

Gardado en:
Detalles Bibliográficos
Outros autores: Ortega, Manuel (Editor), Bravo, José (Editor)
Formato: Libro
Idioma:inglés
Publicado: Dordrecht Kluwer Academic Publishers 2000
Subjects:
Tags: Engadir etiqueta
Sen Etiquetas, Sexa o primeiro en etiquetar este rexistro!

MARC

LEADER 00000nam a2200000 a 4500
001 UCK3912
003 CL-VaPUC
005 20240531093356.0
008 050513e20000000ne |||||||||||||||||eng|d
999 |c 312957  |d 312955 
020 |a 0792365771 
040 |c Pontificia Universidad Católica de Valparaíso 
082 0 4 |a 371.334  |b ORT  |2 21 
100 |a Ortega, Manuel  |e editor  |9 492310 
245 1 0 |a Computers and education in the 21st century 
260 |a Dordrecht  |b Kluwer Academic Publishers  |c 2000 
300 |a 316 p 
583 |a last modification  |c 20171116 05:38:42  |k Rodrigo Vera 
650 7 |a COMPUTADORES EN LA ENSEÑANZA  |2 CL-VaPUC  |9 492283 
650 0 |a Aplicaciones de computadores  |9 260401 
650 0 |a Métodos de enseñanza  |9 270413 
650 0 |a Cambio social   |9 256857 
650 7 |a DESARROLLO TECNOLOGICO  |2 CL-VaPUC  |9 259800 
700 |a Bravo, José  |e editor  |9 878499 
942 |c BK  |2 ddc 
945 |d 20050513 00:00:00  |a cmena 
952 |0 0  |1 0  |4 0  |6 371_334000000000000_ORT_2000  |7 0  |8 A  |9 383974  |a BIBCUR  |b BIBCUR  |d 2019-11-22  |i 4128540  |o 371.334 ORT 2000  |p 4128540  |r 2025-04-22  |w 2019-11-22  |y BK  |k FIS